000 01005nas a2200289 4500
001 BR0400717
003 BR-BrBNA
005 20231205104331.0
007 ta
008 230509b bl.|||p| |||| 00| 00por d
040 _aBR-BrBNA
_bpor
_cBiblioteca Nacional de Agricultura
041 _a(Pt)
072 _aL53
100 1 _aSouza, C.E.A.
100 1 _aMoura, A.A.
100 1 _aAraújo, A.A.
100 1 _aLima, A.C.B.
245 1 _aEstudo das interações entre o desenvolvimento gonadal, produção espermática, concentrações de testosterona e aspectos ligados à puberdade em carneiros Santa Inês ao longo do primeiro ano de vida
650 _aOVINO
650 _aESPERMATOZOIDE
650 _aPARÂMETRO GENÉTICO
650 _aTESTOSTERONA
650 _aINSEMINAÇÃO ARTIFICIAL
773 0 _tRevista Brasileira de Reprodução Animal (Brazil)
_xISSN 0102-0803
_g(Apr-Jun 2003), v. 27(2) p. 199-201
_wBR0400717
909 _a202311
_bLúcia
_c55
_dLúcia Elande
942 _2AGRIS
_n0
_cANA
999 _c177618
_d177618